Hard Historical Quiz - Statistics

General Stats
  • This quiz has been taken 12 times
  • The average score is 3 of 12
Answer Stats
Question Answer % Correct
Crusader state in Latvia & Estonia? Livonian Order
50%
Which African empire whose gold coins circulated in Europe after collapse? Mali Empire
50%
Which non-European empire sacked a European capital? Umayyad Caliphate
50%
Original name of Istanbul when Constantine made it capital? Nova Roma
38%
Treaty that ended most Muslim rule in Iberia (pre-Granada)? Treaty of Toledo
38%
Capital of the Ilkhanate at its peak? Tabriz
25%
What is the battle that ended Viking raids on England? Battle of Stamford Bridge
13%
Who is the traveler to Mali before Ibn Battuta with no surviving writings? Abu Ubayd al-Bakri
0%
Which Muslim dynasty ruling Sicily & southern Italy? Aghlabid Dynasty
0%
What is Yuan dynasty capital under Kublai Khan? Khanbaliq
0%
What Christian Nubian kingdom lasting until the 1500s? Makuria
0%
Who is the Golden Horde khan who converted to Islam? Uzbeg Khan
0%
No matching quizzes found
Score Distribution
Percent of People with Each Score
Percentile by Number Answered
Your Score History
You have not taken this quiz